|
Toronto, ON | | 94.5% | Ottawa-Gatineau, ON/QC | | 93.6% | Calgary, AB | | 92.7% | Vancouver, BC | | 92.7% | Edmonton, AB | | 91.7% | Montreal, QC | | 91.7% | Halifax, NS | | 89.9% | Québec, QC | | 88.1% | Winnipeg, MB | | 81.7% | London, ON | | 79.8% | Hamilton, ON | | 78.9% | Regina, SK | | 78.9% | Saskatoon, SK | | 78.9% | Victoria, BC | | 78.9% | St. John's, NL | | 76.1% | Windsor, ON | | 71.6% | Yellowknife, NT | | 67.9% | Thunder Bay, ON | | 67% | St. Catharines-Niagara, ON | | 62.4% | Moncton, NB | | 59.6% | Kitchener, ON | | 58.7% | Kamloops, BC | | 53.2% | Kingston, ON | | 51.4% | Fredericton, NB | | 50.5% | Trois-Rivières, QC | | 49.5% | Sudbury, ON | | 47.7% | Kelowna, BC | | 46.8% | Abbotsford, BC | | 45% | Oshawa, ON | | 45% | Red Deer, AB | | 45% | Barrie, ON | | 43.1% | Sherbrooke, QC | | 42.2% | Brandon, MB | | 41.3% | Medicine Hat, AB | | 41.3% | Prince George, BC | | 38.5% | Moose Jaw, SK | | 37.6% | Peterborough, ON | | 36.7% | Iqaluit, NU | | 34.9% |
|
|
Lethbridge, AB | | 34.9% | Guelph, ON | | 33.9% | Nanaimo, BC | | 32.1% | Belleville, ON | | 28.4% | Prince Albert, SK | | 27.5% | Brantford, ON | | 25.7% | Drummondville, QC | | 25.7% | Fort McMurray, AB | | 25.7% | North Bay, ON | | 23.9% | Chicoutimi-Jonquière, QC | | 22% | Timmins, ON | | 22% | Chilliwack, BC | | 20.2% | Cornwall, ON | | 18.3% | Owen Sound, ON | | 18.3% | Rouyn-Noranda, QC | | 18.3% | Victoriaville, QC | | 18.3% | Fort St. John, BC | | 17.4% | Granby, QC | | 17.4% | Lloydminster, AB/SK | | 16.5% | Rimouski, QC | | 16.5% | Penticton, BC | | 15.6% | Truro, NS | | 15.6% | Val-d'Or, QC | | 15.6% | Vernon, BC | | 14.7% | Yorkton, SK | | 14.7% | Dawson Creek, BC | | 12.8% | Grande Prairie, AB | | 12.8% | Yarmouth, NS | | 12.8% | Jasper, AB | | 11.9% | Kanata, ON | | 11.9% | Inuvik, NT | | 11% | Orillia, ON | | 10.1% | Quesnel, BC | | 10.1% | Alma, QC | | 9.2% | Edmunston, NB | | 9.2% | North Battleford, SK | | 9.2% | Woodstock, ON | | 9.2% | Joliette, QC | | 8.3% |
|
|
New Glasgow, NS | | 8.3% | Orangeville, ON | | 8.3% | Airdrie, AB | | 7.3% | Fort Erie, ON | | 7.3% | Glace Bay, NS | | 7.3% | Rivière-du-Loup, QC | | 7.3% | Uxbridge, ON | | 7.3% | Châteauguay, QC | | 6.4% | Ingersoll, ON | | 6.4% | Milton, ON | | 6.4% | Duncan, BC | | 5.5% | Estevan, SK | | 5.5% | Georgetown, ON | | 5.5% | Innisfail, AB | | 5.5% | Lindsay, ON | | 5.5% | Fergus, ON | | 4.6% | Leamington, ON | | 4.6% | Dolbeau, QC | | 3.7% | Dauphin, MB | | 3.7% | Hawkesbury, ON | | 3.7% | Parksville, BC | | 3.7% | White Rock, BC | | 3.7% | Amherstberg, ON | | 2.8% | Alliston, ON | | 2.8% | Beloeil, QC | | 2.8% | High River, AB | | 2.8% | Ucluelet, BC | | 2.8% | Elliot Lake, ON | | 1.8% | Elmira, ON | | 1.8% | Jarvis, ON | | 1.8% | Unity, SK | | 1.8% | Walnut Grove, BC | | 1.8% | Hauterive, QC | | 0.9% | Iroquois Falls, ON | | 0.9% | New Waterford, NS | | 0.9% | Yamachiche, QC | | 0.9% |
|
Comments